| 000 | 01639nam a2200229Ia 4500 | ||
|---|---|---|---|
| 003 | Ost | ||
| 005 | 20260507075058.0 | ||
| 008 | 260507s9999||||xx |||||||||||||| ||und|| | ||
| 020 | _ax604029957 | ||
| 040 | _cfsecg | ||
| 041 | _aara | ||
| 082 | _a658 | ||
| 100 |
_aأبو زيد، علي خضر _eمؤلف |
||
| 245 | 0 |
_aتطبيقات الحاسوب في الإدارة(2) / _c علي خضر أبو زيد |
|
| 260 |
_aعمان: _bدار صفاء, _c2001 |
||
| 300 |
_a263 صفحة؛ _bإيضاحات ؛ _c24 سم |
||
| 520 | _aنظام الرواتب وشؤون الموظفين،ادخال المعلومات،التحديث،التقارير-نظام الشبكات،ادخال المعلومات،الحركات اليومية،التقارير،التحديث-نظام العملاء،قائمة ادخال المعلومات،قائمة التقارير،قائمة التحديث-نظام الطلبيات(المشتريات)،ادخال المعلومات،الحركات،التقارير-نظام المستودعات،معلومات النظام،معلومات المادة،حركات المخزون،المبيعات،التحديث،المشتريات،التقارير،الإستيلام،نظام الانتاج،ادخال المعلومات،معلومات المصاريف،حركات الانتاج،تقارير نظام الانتاج | ||
| 653 | _aالإدارة | ||
| 653 | _aالحواسيب | ||
| 700 |
_aشحادة، نظمي _eمؤلف ثانوي |
||
| 942 | _cكتاب | ||
| 999 |
_c42759 _d42759 |
||